[Event "SLO-ch U10 Girls"]
[Site "Ptuj"]
[Date "2017.02.27"]
[Round "1"]
[White "Novak, Aneja"]
[Black "Sefic, Lana"]
[Result "0-1"]
[WhiteElo "1540"]
[BlackElo "1048"]
[PlyCount "76"]
[EventDate "2017.02.27"]
[EventType "swiss"]
[EventRounds "9"]
[EventCountry "SLO"]
[SourceTitle "CBM 177 Extra"]
[Source "ChessBase"]
[SourceDate "2017.04.27"]
[SourceVersion "1"]
[SourceVersionDate "2017.04.27"]
[SourceQuality "1"]

1. e4 e5 2. Bc4 Nf6 3. Nf3 d6 4. 0-0 Nxe4 5. d3 Nf6 6. Bg5 Be7 7. Nc3 Nc6 8. Nd5 Nxd5 9. Bxd5 Bxg5 10. Qe2 0-0 11. d4 exd4 12. Rad1 Re8 13. Qd3 Nb4 14. Qc4 Nxd5 15. Rxd4 c6 16. b3 b5 17. Qd3 Bb7 18. Rg4 Nf4 19. Qf5 Bc8 20. Qxg5 Ne2+ 21. Kh1 Bxg4 22. Qxg4 Qc8 23. Qh4 h6 24. c4 Qe6 25. h3 Qe4 26. Qg3 Nxg3+ 27. Kg1 Ne2+ 28. Kh1 Qc2 29. Ne1 Qc1 30. a4 Ng3+ 31. fxg3 Rxe1 32. Rxe1 Qxe1+ 33. Kh2 Re8 34. h4 Qf1 35. Kh3 h5 36. g4 Re3+ 37. Kh2 Qf4+ 38. Kg1 Re1# 0-1